000 00439nam a2200181Ia 4500
008 230524s9999 xx 000 0 und d
020 _a0074622358
082 _a621.381
_bMAL
100 _aAlbert Paul Malvino
245 0 _aDigital Computer Electronics
250 _a3TH
260 _aNEW DELHI
_bTMH
_c2002
300 _aVI;522
500 _aQuantity Number: 2
650 _aElectronics
700 _a Jerald A. Brown
942 _cBK
999 _c7236
_d7236